Estudios de derecho civil en memoria de Fernando Hinestrosa
Uloženo v:
| Hlavní autoři: | , |
|---|---|
| Další autoři: | |
| Médium: | Kniha |
| Jazyk: | španělština |
| Vydáno: |
Bogotá
Universidad Externado de Colombia
2014
|
| Vydání: | 1a. ed |
| Témata: | |
| Tagy: |
Přidat tag
Žádné tagy, Buďte první, kdo vytvoří štítek k tomuto záznamu!
|
MARC
| LEADER | 00000cam a2200000 a 4500 | ||
|---|---|---|---|
| 001 | UCE4550 | ||
| 003 | CL-VaPUC | ||
| 008 | 141030e20140300ck |||||||||||||||||spa|d | ||
| 020 | |a 9789587721171 | ||
| 082 | 0 | 4 | |a 346.02 |b GON |2 21 |
| 100 | 0 | |a González de Cancino, Emilssen |e author |9 577102 | |
| 700 | 0 | |a Cortés Moncayo, Edgar |e author |9 577103 | |
| 700 | |a Navia Arroyo, Felipe |e autor |9 577104 | ||
| 245 | 1 | 0 | |a Estudios de derecho civil en memoria de Fernando Hinestrosa |
| 250 | |a 1a. ed | ||
| 300 | |a v | ||
| 942 | |c BK | ||
| 945 | |d 20141030 14:13:00 |a arojas | ||
| 260 | |a Bogotá |b Universidad Externado de Colombia |c 2014 | ||
| 500 | |a v.1: Derecho romano y tradición civil. Principios generales del derecho. personas y familia. Obligaciones. Responsabilidad civil | ||
| 500 | |a v.2: Contratos | ||
| 600 | 0 | 7 | |a HINESTROSA, FERNANDO |2 CL-VaPUC |9 484842 |
| 650 | 0 | |a Derecho civil |9 255013 | |
| 650 | 0 | |a Contratos |9 255153 | |
| 650 | 0 | |a Obligación contractual |9 481486 | |
| 650 | 7 | |a RESPONSABILIDAD CIVIL |2 CL-VaPUC |9 577105 | |
| 651 | 0 | |a Colombia |9 256424 | |
| 583 | |a last modification |c 20141030 14:13:00 |k Rodrigo Vera | ||
| 999 | |c 357462 |d 357460 | ||
| 952 | |0 0 |1 0 |3 erb |4 0 |6 346_020000000000000_GON_2014 |7 0 |8 A |9 465461 |a BIBDER |b BIBDER |h v.1 |i 5121582 |o 346.02 GON 2014 |p 5121582 |r 2023-01-25 |w 2019-11-23 |y BK |z Catalogado en:20141030 |k DER | ||
| 952 | |0 0 |1 0 |3 erb |4 0 |6 346_020000000000000_GON_2014 |7 0 |8 A |9 465462 |a BIBDER |b BIBDER |h v.2 |i 5121590 |o 346.02 GON 2014 |p 5121590 |r 2023-01-25 |w 2019-11-23 |y BK |z Catalogado en:20141030 |k DER | ||